| 000 | 003700000a22001450004500 | ||
|---|---|---|---|
| 003 | MACL | ||
| 040 | _aMACL | ||
| 090 |
_c5851 _d5850 |
||
| 100 | _aRabindra Bhavana Collection | ||
| 245 |
_aRabindra Bhavana Collection _bCatalogue-in-progress |
||
| 260 |
_bRabindra Bhavana Collection _c1982 |
||
| 350 | _a12 | ||
| 650 | _aLibrary & Information Sciences | ||
| 942 |
_cBOOK _k20 |
||
| 999 |
_c5808 _d5808 |
||